Robert McLaughlin : carriage builder /

Bibliographic Details
Main Author: Henderson, Dorothy McLaughlin, 1900-
Format: Book
Language:English
Published: Toronto : Griffin Press, [1972]
Subjects:

MARC

Tag First Indicator Second Indicator Subfields
LEADER 00000cam a2200000 i 4500
001 in00000094145
005 20150927070252.0
008 800405s1972 onca 00110 eng d
020 |a 0887600379 
035 |a (OCoLC)06169922 
035 |9 AAL6000AM 
040 |a TXA  |c TXA  |d UtOrBLW 
049 |a TXAM  |c [718445] 
090 |a TS140.M3  |b H4 1972 
100 1 |a Henderson, Dorothy McLaughlin,  |d 1900- 
245 1 0 |a Robert McLaughlin :  |b carriage builder /  |c by Dorothy McLaughlin Henderson ; sketches by Douglas C. Henderson. 
264 1 |a Toronto :  |b Griffin Press,  |c [1972] 
264 4 |c ©1972 
300 |a 53 pages :  |b illustrations 
336 |a text  |b txt  |2 rdacontent 
337 |a unmediated  |b n  |2 rdamedia 
338 |a volume  |b nc  |2 rdacarrier 
500 |a Includes index. 
600 1 0 |a McLaughlin, Robert,  |d 1836-1921. 
999 |a MARS 
999 f f |s 8b78e041-0640-3677-97cf-bdbf428b78a5  |i 8938a8e5-a8ed-37fe-9038-a504a1f3d36f  |t 0 
952 f f |p ric  |a Texas A&M University  |b Rellis Campus  |c Joint Library Facility  |d Remote Storage  |t 0  |e TS140.M3 H4 1972  |h Library of Congress classification  |i unmediated -- volume  |m A14805634178 
998 f f |a TS140.M3 H4 1972  |t 0  |l Remote Storage